000 00329nam a22001457a 4500
008 210305b ||||| |||| 00| 0 eng d
020 _a0723409579
041 _aeng
080 _2616
_a616
082 _2616
100 _a9
101 _aPAT
245 _aInfectious Diseases
_cR.T.D Emond & H.A.K. Rowland
942 _2udc
_cBK
999 _c55832
_d55832